banner koha

Determinacao da dose esterilizante de radiacao gama do 60Co para imagos de Acanthoscelides obtectus (Say, 1831)(Col., Bruchidae)[Caruncho; Feijao] (Registro n. 103627)

MARC details
000 -LÍDER
campo de controle de tamanho fixo 01137nas a2200337 4500
001 - NÚMERO DE CONTROLE
campo de controle BR8001174
003 - IDENTIFICADOR DO NÚMERO DE CONTROLE
campo de controle BR-BrBNA
005 - DATA E HORÁRIO DA ÚLTIMA TRANSAÇÃO
campo de controle 20231205084200.0
007 - CAMPO FIXO DE DESCRIÇÃO FÍSICA--INFORMAÇÃO GERAL
campo de controle de tamanho fixo ta
008 - CAMPO DE DADOS FIXOS--INFORMAÇÃO GERAL
campo de controle de tamanho fixo 230509b bl.|||p| |||| 00| 00por d
040 ## - FONTE DA CATALOGAÇÃO
Instituição da catalogação original BR-BrBNA
Idioma da catalogação por
Instituição que transcreveu o registro Biblioteca Nacional de Agricultura
041 ## - CÓDIGO DE IDIOMA
Código do idioma do texto/trilha sonora ou título diferente (Pt)
072 ## - CÓDIGO DE CATEGORIA DE ASSUNTO
Código de Categoria de Assunto H70
100 1# - ENTRADA PRINCIPAL--NOME PESSOAL
Nome pessoal Arthur, V.
100 1# - ENTRADA PRINCIPAL--NOME PESSOAL
Nome pessoal Campanhola, C.
100 1# - ENTRADA PRINCIPAL--NOME PESSOAL
Nome pessoal Domarco, R.E.
100 1# - ENTRADA PRINCIPAL--NOME PESSOAL
Nome pessoal Wiendl, F.M.
100 1# - ENTRADA PRINCIPAL--NOME PESSOAL
Nome pessoal Sgrillo, R.B.
245 1# - TÍTULO
Título Determinacao da dose esterilizante de radiacao gama do 60Co para imagos de Acanthoscelides obtectus (Say, 1831)(Col., Bruchidae)[Caruncho; Feijao]
246 1# - FORMA VARIANTE DO TÍTULO
Título/título abreviado Determination of the sterilizing gamma radiation dose of 60Co to Acanthoscelides obtectus imagos (Col. Bruchidae)[Woodworn; Bean]
650 ## - ASSUNTO--TERMO TÓPICO
Cabeçalho tópico ou nome geográfico Produto armazenado
650 ## - ASSUNTO--TERMO TÓPICO
Cabeçalho tópico ou nome geográfico Praga de planta
650 ## - ASSUNTO--TERMO TÓPICO
Cabeçalho tópico ou nome geográfico Raio gama
650 ## - ASSUNTO--TERMO TÓPICO
Cabeçalho tópico ou nome geográfico Feijao
650 ## - ASSUNTO--TERMO TÓPICO
Cabeçalho tópico ou nome geográfico Esterilizacao
650 ## - ASSUNTO--TERMO TÓPICO
Cabeçalho tópico ou nome geográfico Caruncho
650 ## - ASSUNTO--TERMO TÓPICO
Cabeçalho tópico ou nome geográfico Irradiacao
773 0# - ENTRADA ANALÍTICA
Título Energia Nuclear e Agricultura (Brazil)
ISSN - International Standard Serial Number ISSN 0100-3593
Partes relacionadas (1980), v. 2(1) p. 1-7
Número de controle do registro BR8001174
909 ## -
-- 202311
-- Lúcia
-- 55
-- Lúcia Elande
942 ## - ELEMENTOS DE ENTRADA ADICIONADOS (KOHA)
Fonte da classificação ou esquema de arquivamento na estante Classificação AGRIS
Ocultar no OPAC Não
Tipo de material Koha Analítica
Exemplares
Situação do descarte Fonte da classificação ou esquema de arquivamento na estante Situação física Não pode ser emprestado Biblioteca de origem Biblioteca atual Localização na estante Enumeração do periódico / cronologia Total de empréstimos Data de último acesso Número do exemplar Tipo de material Koha Fonte de aquisição
  Classificação AGRIS   Consulta local Biblioteca Nacional de Agricultura - Binagri Biblioteca Nacional de Agricultura - Binagri   (1980), v. 2(1) p. 1-7   29/11/2023 01 Periódicos Portaria Interministerial nº 164/94

BINAGRI

Telefone: (61)3218-2567/2388/3357/2097 - binagri@agro.gov.br

Ministério da Agricultura e Pecuária , Esplanada dos Ministérios, Bloco D, Anexo B, Brasília/DF, CEP: 70.043-900